| 000 | 00597nam a22002537a 4500 | ||
|---|---|---|---|
| 999 |
_c313442 _d313442 |
||
| 001 | 27101 | ||
| 003 | UA-OsUOA | ||
| 005 | 20200220145815.0 | ||
| 007 | ta | ||
| 008 | 20040615b un ||||| |||| 00| 0 ukr d | ||
| 020 | _a5110043655 | ||
| 040 |
_aUA-OsUOA _bukr _cUA-OsUOA _dUA-OsUOA |
||
| 041 | _aukr | ||
| 044 | _aUA | ||
| 080 | _a93/94 | ||
| 090 |
_a93/94 _bА82 |
||
| 100 | _aАркас М. | ||
| 245 | _aІсторія України-Русі | ||
| 260 |
_aК. _bВища школа _c1993 |
||
| 300 |
_a414 с. _bІлюстрації |
||
| 650 | 7 | _2UDC | |
| 942 |
_cBK _2udc |
||
| 955 | _a0 | ||